000 00428nam a22001697a 4500
003 OSt
005 20140310182125.0
008 130828t xxu||||| |||| 00| 0 eng d
020 _a187184508X
050 _aD 843
_b.F142 1993
082 _aHS 900
_bF119 1993
245 _aFactbook of history /
260 _aLondon :
_b Rainbow Books,
_cc1993.
300 _a238 p. :
_bill. ;
_c21 cm.
942 _2lcc
_cBK
999 _c9608
_d9608